Loading...
100 Garden plants
| Main Author: | |
|---|---|
| Format: | Printed Book |
| Language: | Undetermined English |
| Published: |
New York
Randome House
1977
|
| Subjects: |
| LEADER | 00522nam a2200169Ia 4500 | ||
|---|---|---|---|
| 008 | 140306s9999 xx 000 0 und d | ||
| 041 | |a eng | ||
| 082 | |a 635 |b ADD/HU | ||
| 100 | |a Addkison, A R | ||
| 245 | |a 100 Garden plants | ||
| 260 | |a New York |b Randome House |c 1977 | ||
| 300 | |a 234 | ||
| 365 | |b Rs.78.00 | ||
| 650 | |a Horticulture | ||
| 942 | |2 ddc |c BK | ||
| 999 | |c 115142 |d 115142 | ||
| 952 | |0 0 |1 0 |2 ddc |4 0 |6 635_000000000000000_ADDHU |7 0 |9 113484 |a KAUHCV |b KAUHCV |d 2001-12-31 |g 78.00 |o 635 ADD/HU |p KAU_HCV-7294 |r 2014-03-22 |w 2014-03-22 |y BK | ||